Quantifying quality (Record no. 103918)

MARC details
000 -LEADER
fixed length control field 01018cam a2200229 4500
001 - CONTROL NUMBER
control field L128475
008 - FIXED-LENGTH DATA ELEMENTS--GENERAL INFORMATION
fixed length control field 050110n2005 000 0 eng u
020 ## - INTERNATIONAL STANDARD BOOK NUMBER
International Standard Book Number 1842192132
035 ## - SYSTEM CONTROL NUMBER
System control number (Sirsi) u128475
041 ## - LANGUAGE CODE
Language code of text/sound track or separate title eng
050 ## - LIBRARY OF CONGRESS CALL NUMBER
Classification number 336.39
-- 18
100 ## - MAIN ENTRY--PERSONAL NAME
Personal name Eaton, David
110 ## - MAIN ENTRY--CORPORATE NAME
Corporate name or jurisdiction name as entry element Royal Institution of Chartered Surveyors
Subordinate unit Public Affairs
9 (RLIN) 4679
245 ## - TITLE STATEMENT
Title Quantifying quality
Remainder of title a report on PFI and the delivery of public services
260 ## - PUBLICATION, DISTRIBUTION, ETC.
Place of publication, distribution, etc. London
Name of publisher, distributor, etc. RICS
Date of publication, distribution, etc. 2005
300 ## - PHYSICAL DESCRIPTION
Extent 81p.
520 ## - SUMMARY, ETC.
Summary, etc. This report on PFI and the delivery of public services suggests that government should pay back costs incurred by firms short listed for PFI contracts. The high costs of bidding for PFI deals acts as a barrier to many, particularly smaller firms, which means that the client and the public are not getting best value from the full market of ideas. A rebate would encourage more companies to put themselves forward.
590 ## - LOCAL NOTE (RLIN)
Local note IKA290405
650 ## - SUBJECT ADDED ENTRY--TOPICAL TERM
Topical term or geographic name entry element PFI
690 ## - LOCAL SUBJECT ADDED ENTRY--TOPICAL TERM (OCLC, RLIN)
Topical term or geographic name as entry element Procurement
9 (RLIN) 6260
942 ## - ADDED ENTRY ELEMENTS (KOHA)
Suppress in OPAC 0
Holdings
Withdrawn status Lost status Source of classification or shelving scheme Damaged status Not for loan Home library Current library Shelving location Date acquired Total Checkouts Full call number Barcode Date last seen Copy number Price effective from Koha item type
    Dewey Decimal Classification     Virtual Virtual Online 21/04/2005   ONLINE PUBLICATION 128475-2001 06/08/2019 1 06/08/2019 Book